000 00306nam a22001337a 4500
008 170406b xxu||||| |||| 00| 0 eng d
020 _a081517635X
041 _aeng
080 _a575
100 _a9
101 _aSHM
245 _aCLINICAL APPLICATION OF RESPIRATORY CARE
_cSHAPIRO, B.A
942 _2udc
_cBK
999 _c9932
_d9932